Eastern Utah Libraries Catalog: Duchesne, Heber, Roosevelt, & Vernal

Dragon fury / (Record no. 360520)

MARC details
000 -LEADER
fixed length control field 02834cim a2200601Ki 4500
001 - CONTROL NUMBER
control field 1228132915
003 - CONTROL NUMBER IDENTIFIER
control field OCoLC
005 - DATE AND TIME OF LATEST TRANSACTION
control field 20210416131122.0
007 - PHYSICAL DESCRIPTION FIXED FIELD--GENERAL INFORMATION
fixed length control field sd fsngnnmmned
008 - FIXED-LENGTH DATA ELEMENTS--GENERAL INFORMATION
fixed length control field 201228s2021 nyunnnnj f n eng d
020 ## - INTERNATIONAL STANDARD BOOK NUMBER
International Standard Book Number 9781797119786
020 ## - INTERNATIONAL STANDARD BOOK NUMBER
International Standard Book Number 1797119788
020 ## - INTERNATIONAL STANDARD BOOK NUMBER
International Standard Book Number 9781797119793
020 ## - INTERNATIONAL STANDARD BOOK NUMBER
International Standard Book Number 1797119796
024 3# - OTHER STANDARD IDENTIFIER
Standard number or code 9781797119786
035 ## - SYSTEM CONTROL NUMBER
System control number (OCoLC)1228132915
037 ## - SOURCE OF ACQUISITION
Source of stock number/acquisition Midwest Tape
Note http://www.midwesttapes.com
037 ## - SOURCE OF ACQUISITION
Stock number 30dzne
Source of stock number/acquisition Blackstone Publishing
037 ## - SOURCE OF ACQUISITION
Stock number 10dzne
Source of stock number/acquisition Blackstone Publishing
040 ## - CATALOGING SOURCE
Original cataloging agency TEFMT
Language of cataloging eng
Description conventions rda
Transcribing agency TEFMT
Modifying agency TEF
-- OCLCO
-- TEFMT
-- OCLCF
-- BLACP
-- OCLCO
092 ## - LOCALLY ASSIGNED DEWEY CALL NUMBER (OCLC)
Classification number junior audiobook
Item number McMann
100 1# - MAIN ENTRY--PERSONAL NAME
Personal name McMann, Lisa.
Relator term author.
9 (RLIN) 56437
245 10 - TITLE STATEMENT
Title Dragon fury /
Statement of responsibility, etc Lisa McMann.
250 ## - EDITION STATEMENT
Edition statement Unabridged.
264 #1 - Production, Publication, Distribution, Manufacture, and Copyright Notice.
Place of production, publication, distribution, manufacture New York, NY :
Name of producer, publisher, distributor, manufacturer Simon & Schuster Audio,
Date of production, publication, distribution, manufacture, or copyr [2021]
300 ## - PHYSICAL DESCRIPTION
Extent 8 audio discs (approximately 540 min.) :
Other physical details CD audio, digital ;
Dimensions 4 3/4 in.
306 ## - PLAYING TIME
Playing time 090000.
336 ## - Content Type
Content type term spoken word
337 ## - Media type
Media type term audio
338 ## - Carrier type
Carrier type term audio disc
490 1# - SERIES STATEMENT
Series statement The Unwanteds quests ;
Volume number/sequential designation Book 7.
500 ## - GENERAL NOTE
General note Title from web page.
500 ## - GENERAL NOTE
General note Compact discs.
511 0# - PARTICIPANT OR PERFORMER NOTE
Participant or performer note Read by Fiona Hardingham.
520 ## - SUMMARY, ETC.
Summary, etc As the greatest army ever assembled in the seven islands flies to the land of the dragons, everyone's mind is haunted by the same thought: Thisbe Stowe betrayed them all. Thisbe struggles to regain the trust of her brother Aaron and the people of Artime after one crucial mistake forces her to abandon her intricate plan against the Revinir. Aaron is devastated by Thisbe's actions and refuses to hear her explanation, feeling a sense of responsibility for the wrong she's done mixed with his own deep regret and fears over his dark history. Complicating things are Thisbe's conflicted feelings about the Revinir, leaving her wondering if she allowed herself to get too close to the dragon-woman, and if she really is more evil than good after all.
650 #0 - SUBJECT ADDED ENTRY--TOPICAL TERM
Topical term or geographic name as entry element Magic
Form subdivision Juvenile fiction.
9 (RLIN) 5673690
650 #0 - SUBJECT ADDED ENTRY--TOPICAL TERM
Topical term or geographic name as entry element Brothers and sisters
Form subdivision Juvenile fiction.
9 (RLIN) 5674032
650 #0 - SUBJECT ADDED ENTRY--TOPICAL TERM
Topical term or geographic name as entry element Twins
Form subdivision Juvenile fiction.
9 (RLIN) 5674271
650 #0 - SUBJECT ADDED ENTRY--TOPICAL TERM
Topical term or geographic name as entry element Imaginary wars and battles
Form subdivision Juvenile fiction.
9 (RLIN) 5691546
650 #1 - SUBJECT ADDED ENTRY--TOPICAL TERM
Topical term or geographic name as entry element Magic
Form subdivision Fiction.
9 (RLIN) 5673694
650 #1 - SUBJECT ADDED ENTRY--TOPICAL TERM
Topical term or geographic name as entry element Brothers and sisters
Form subdivision Fiction.
9 (RLIN) 5673852
650 #1 - SUBJECT ADDED ENTRY--TOPICAL TERM
Topical term or geographic name as entry element Twins
Form subdivision Fiction.
9 (RLIN) 5674236
655 #7 - INDEX TERM--GENRE/FORM
Genre/form data or focus term Action and adventure fiction.
Source of term fast
655 #7 - INDEX TERM--GENRE/FORM
Genre/form data or focus term Audiobooks.
Source of term fast
655 #7 - INDEX TERM--GENRE/FORM
Genre/form data or focus term Children's audiobooks.
Source of term fast
9 (RLIN) 5675081
655 #7 - INDEX TERM--GENRE/FORM
Genre/form data or focus term Fantasy fiction.
Source of term fast
655 #7 - INDEX TERM--GENRE/FORM
Genre/form data or focus term Fiction.
Source of term fast
9 (RLIN) 5673940
655 #7 - INDEX TERM--GENRE/FORM
Genre/form data or focus term Juvenile works.
Source of term fast
9 (RLIN) 5673941
700 1# - ADDED ENTRY--PERSONAL NAME
Personal name Hardingham, Fiona.
Relator term narrator.
9 (RLIN) 5687112
800 1# - SERIES ADDED ENTRY--PERSONAL NAME
Personal name McMann, Lisa.
Title of a work Unwanteds quests.
Version Spoken word ;
Volume/sequential designation bk. 7.
9 (RLIN) 6413962
907 ## - LOCAL DATA ELEMENT G, LDG (RLIN)
a .b442465385
942 ## - ADDED ENTRY ELEMENTS (KOHA)
Source of classification or shelving scheme Dewey Decimal Classification
Koha item type Audiobook on CD
Holdings
Withdrawn status Lost status Source of classification or shelving scheme Materials specified (bound volume or other part) Damaged status Not for loan Collection code Home library Current library Shelving location Date acquired Source of acquisition Serial Enumeration / chronology Total Checkouts Total Renewals Full call number Barcode Date last seen Date checked out Cost, replacement price Price effective from Koha item type
    Dewey Decimal Classification 8 discs     Junior Audiobooks Wasatch County Library Wasatch County Library Main Floor Junior Area 04/16/2021 Micromarketing #7 1 1 J CD McMann 34301001674367 02/09/2024 08/03/2021 39.99 04/16/2021 Audiobook on CD
This project was made possible through a grant from the Institute of Museum and Library Service administered by the Utah State Library Division.

Wasatch County Library

  • 465 East 1200 South, Heber City, Utah 84032
  • Phone 435-654-1511 | Fax 435-654-6456

Hours

  • Monday - Friday 9:30 AM - 8:00 PM
  • Saturday 9:30 AM - 1:30 PM
  • Closed Sundays and Holidays